NFL TEAMS TO ROOT FOR - Statistics

General Stats
  • This quiz has been taken 18 times
  • The average score is 23 of 32
Answer Stats
Answer % Correct
30 chiefs
88%
28 bears
82%
13 jets
82%
10 49ers
76%
21 broncos
76%
24 browns
76%
29 eagles
76%
15 falcons
76%
27 giants
76%
12 packers
76%
16 patriots
76%
1 ravens
76%
32 steelers
76%
31 bengals
71%
2 bills
71%
6 cardinals
71%
14 chargers
71%
22 cowboys
71%
8 dolphins
71%
20 panthers
71%
18 raiders
71%
25 rams
71%
19 colts
65%
26 commanders
65%
17 jaguars
65%
4 lions
65%
5 Seahawks
65%
9 texans
65%
23 titans
65%
11 vikings
65%
7 saints
59%
3 buccaneers
53%
No matching quizzes found
Score Distribution
Percent of People with Each Score
Percentile by Number Answered
Your Score History
You have not taken this quiz